Risk assessment processes for hazardous materials transportation / (Record no. 529463)

000 -LEADER
fixed length control field 01223cam a2200313 a 4500
001 - CONTROL NUMBER
control field 4243358
003 - CONTROL NUMBER IDENTIFIER
control field NUST
005 - DATE AND TIME OF LATEST TRANSACTION
control field 20190926124500.0
008 - FIXED-LENGTH DATA ELEMENTS--GENERAL INFORMATION
fixed length control field 831121s1983 dcua b f000 0 eng
010 ## - LIBRARY OF CONGRESS CONTROL NUMBER
LC control number 83051383
020 ## - INTERNATIONAL STANDARD BOOK NUMBER
International Standard Book Number 0309035643 (pbk.) :
Terms of availability $6.40
038 ## - RECORD CONTENT LICENSOR
Staff Name MSOHAIL
040 ## - CATALOGING SOURCE
Original cataloging agency DLC
Transcribing agency DLC
Modifying agency DLC
050 00 - LIBRARY OF CONGRESS CALL NUMBER
Classification number T55.3.H3
Item number R69 1983
082 00 - DEWEY DECIMAL CLASSIFICATION NUMBER
Classification number 604.7
Edition number 19
100 1# - MAIN ENTRY--PERSONAL NAME
Personal name Rowe, William D.,
Dates associated with a name 1930-
9 (RLIN) 21577
245 10 - TITLE STATEMENT
Title Risk assessment processes for hazardous materials transportation /
Statement of responsibility, etc. William D. Rowe ; topic panel, Ludwig Benner, Jr. ... [et al.].
260 ## - PUBLICATION, DISTRIBUTION, ETC.
Place of publication, distribution, etc. Washington, D.C. :
Name of publisher, distributor, etc. Transportation Research Board, National Research Council,
Date of publication, distribution, etc. [1983]
300 ## - PHYSICAL DESCRIPTION
Extent 27 p. :
Other physical details ill. ;
Dimensions 28 cm.
490 1# - SERIES STATEMENT
Series statement Synthesis of highway practice / National Cooperative Highway Research Program,
International Standard Serial Number 0547-5570 ;
Volume/sequential designation 103
500 ## - GENERAL NOTE
General note "November 1983."
504 ## - BIBLIOGRAPHY, ETC. NOTE
Bibliography, etc. note Bibliography: p. 24.
650 #0 - SUBJECT ADDED ENTRY--TOPICAL TERM
Topical term or geographic name entry element Hazardous substances
General subdivision Transportation.
9 (RLIN) 21578
650 #0 - SUBJECT ADDED ENTRY--TOPICAL TERM
Topical term or geographic name entry element Health risk assessment.
9 (RLIN) 21579
710 2# - ADDED ENTRY--CORPORATE NAME
Corporate name or jurisdiction name as entry element National Research Council (U.S.).
Subordinate unit Transportation Research Board.
9 (RLIN) 19676
830 #0 - SERIES ADDED ENTRY--UNIFORM TITLE
Uniform title Synthesis of highway practice ;
Volume/sequential designation 103.
9 (RLIN) 21580
906 ## - LOCAL DATA ELEMENT F, LDF (RLIN)
a 7
b cbc
c orignew
d 3
e ocip
f 19
g y-gencatlg
942 ## - ADDED ENTRY ELEMENTS (KOHA)
Source of classification or shelving scheme
Koha item type Book
Holdings
Withdrawn status Lost status Source of classification or shelving scheme Damaged status Not for loan Permanent Location Current Location Date acquired Total Checkouts Full call number Barcode Date last seen Price effective from Koha item type
          School of Civil and Environmental Engineering (SCEE) School of Civil and Environmental Engineering (SCEE) 09/26/2019   604.7 NIT-10916 09/26/2019 09/26/2019 Book
© 2023 Central Library, National University of Sciences and Technology. All Rights Reserved.